000 00872nam a2200289 a 4500
001 81359
003 BD-RjUL
005 20230511145139.0
008 230509s2011 njua 000 0 eng|d
020 _a9780470664773 (hbk.)
020 _a0470664770 (hbk.) :
035 _a(BD-RjUL)81359
040 _aStDuBDS
_beng
_cStDuBDS
_dUk
_dBD-RjUL
041 _aeng
082 0 4 _222
_a332.10681
_bWEB 2011
100 1 _aWeert, Frans de
_97366
245 1 0 _aBank and insurance capital management /
_cFrans de Weert
260 _aHoboken, N.J. :
_bWiley ;
_aChichester :
_bJohn Wiley [distributor],
_c2011.
300 _axiii, 246 p. :
_bill. ;
_c24 cm.
490 0 _aWiley finance series
500 _aFormerly CIP.
650 0 _aCapital market.
650 0 _aBank capital.
_97367
650 0 _aFinancial reinsurance.
_97368
942 _2ddc
_cBK
999 _c81359
_d81359